Зарубежный опыт по стандартизации и обеспечению качества продукции

Bibliographische Detailangaben
Körperschaft: Российская Федерация Государственный комитет по стандартизации и метрологии (Госстандарт России)
Weitere Verfasser: Евстропов Н. А. (составитель)
Zusammenfassung:Предлагаемый материал содержит ряд фрагментов проблемы обеспечения качества и его проявления в условиях рыночной экономики. Первая часть включает разработки и переводы, сделанные для специальных семинаров, проведенных в Германии в течение последних лет. Эти материалы освещают вопросы стандартизации в Германии, обеспечения качества в условиях конкуренции. Из немецких материалов становится очевидным, что проблема качества - это международная проблема, и решение ее требует создания новых правовых отношений между производителем, продавцом и потребителем как внутри своей страны, так и в рамках мировой торговли. Вторая часть - это обобщение английского опыта управления качеством продукции. Эти материалы больше касаются развития представлений в области менеджмента качества, маркетинга и сбыта продукции в зависимости от уровня показателей качества продукции. Английский опыт характерен тем, что вопросы качества решаются постоянно в контексте с другими экономическими факторами в рамках отдельной компании или страны. Решение многогранной проблемы качества немыслимо без учета японского опыта, поскольку именно японцы первыми системно начали работать над улучшением показателей своей экономики, и центральным звеном в этой деятельности стал человек - работник с его профессиональными способностями и заинтересованностью повышать экономическую отдачу от продажи производимой продукции. Для японцев главное - это перспектива расширения рынка сбыта их товаров, а данный процесс, как известно, невозможен без постоянного улучшения качества поставляемой продукции.
Sprache:Russisch
Veröffentlicht: Москва, АСМС, 2002
Schlagworte:
Format: Buch
KOHA link:https://koha.lib.tpu.ru/cgi-bin/koha/opac-detail.pl?biblionumber=78156

MARC

LEADER 00000nam0a2200000 4500
001 78156
005 20231101212956.0
010 |a 5930880492 
035 |a (RuTPU)RU\TPU\book\83767 
090 |a 78156 
100 |a 20050611d2002 km y0rusy50 ca 
101 0 |a rus 
102 |a RU 
105 |a a z 000zy 
200 1 |a Зарубежный опыт по стандартизации и обеспечению качества продукции  |f Госстандарт России; сост. Н. А. Евстропов 
210 |a Москва  |c АСМС  |d 2002 
215 |a 248 с.  |c ил. 
330 |a Предлагаемый материал содержит ряд фрагментов проблемы обеспечения качества и его проявления в условиях рыночной экономики. Первая часть включает разработки и переводы, сделанные для специальных семинаров, проведенных в Германии в течение последних лет. Эти материалы освещают вопросы стандартизации в Германии, обеспечения качества в условиях конкуренции. Из немецких материалов становится очевидным, что проблема качества - это международная проблема, и решение ее требует создания новых правовых отношений между производителем, продавцом и потребителем как внутри своей страны, так и в рамках мировой торговли. Вторая часть - это обобщение английского опыта управления качеством продукции. Эти материалы больше касаются развития представлений в области менеджмента качества, маркетинга и сбыта продукции в зависимости от уровня показателей качества продукции. Английский опыт характерен тем, что вопросы качества решаются постоянно в контексте с другими экономическими факторами в рамках отдельной компании или страны. Решение многогранной проблемы качества немыслимо без учета японского опыта, поскольку именно японцы первыми системно начали работать над улучшением показателей своей экономики, и центральным звеном в этой деятельности стал человек - работник с его профессиональными способностями и заинтересованностью повышать экономическую отдачу от продажи производимой продукции. Для японцев главное - это перспектива расширения рынка сбыта их товаров, а данный процесс, как известно, невозможен без постоянного улучшения качества поставляемой продукции. 
606 1 |a Качество продукции  |x Оценка  |2 stltpush  |3 (RuTPU)RU\TPU\subj\14178  |9 40638 
610 1 |a стандартизация 
610 1 |a сертификация 
610 1 |a зарубежный опыт 
610 1 |a Германия 
610 1 |a ФРГ 
610 1 |a рыночная экономика 
610 1 |a продукция 
610 1 |a стандарты 
610 1 |a Англия 
610 1 |a Япония 
610 1 |a английский опыт 
610 1 |a немецкий опыт 
610 1 |a японский опыт 
675 |a 658.562  |v 3 
702 1 |a Евстропов  |b Н. А.  |4 220 
712 0 1 |a Российская Федерация  |b Государственный комитет по стандартизации и метрологии (Госстандарт России)  |c (1999-2004)  |2 stltpush  |3 (RuTPU)RU\TPU\col\12458 
801 1 |a RU  |b 63413507  |c 20050611  |g PSBO 
801 2 |a RU  |b 63413507  |c 20141113  |g PSBO 
942 |c BK